| 000 | 01140nam a22003377a 4500 | ||
|---|---|---|---|
| 001 | 0022789 | ||
| 003 | KOHA_MİRAKIL | ||
| 005 | 20260207002354.0 | ||
| 007 | ta | ||
| 008 | 150227b2009 tu |||gr||||#||||0|tur | | ||
| 020 | _a9789754481938 | ||
| 040 |
_aTR-BiSEU _btur _cTR-BiSEU _erda |
||
| 041 | 0 | _atur | |
| 044 | _ctu | ||
| 050 |
_aBP731 _b.M35 2009 |
||
| 245 | 0 |
_aMevlana : _bÇevresindekiler, Mevlevilik, ve Eserleriyle İlgili Eski Harfli Türkçe Eserler/ _ceditör Ali Temizel. |
|
| 264 | 1 |
_aKonya : _bSelçuk Üniversitesi Mevlana Araştırma ve Uygulama Merkezi _c2009 |
|
| 300 | _a235 sayfa; 24 cm. | ||
| 336 |
_ametin _btxt _2rdacontent |
||
| 337 |
_aaracısız _bn _2rdamedia |
||
| 338 |
_acilt _bnc _2rdacarrier |
||
| 490 | 1 |
_aMevlana Araştırma ve Uygulama Merkezi Yayınları Yayın No ; _v4. |
|
| 490 | 1 | _aKaynak Eserler Seri No 3. | |
| 650 | 0 |
_aDin. _923404 |
|
| 650 | 0 |
_aİslam Dini. _924696 |
|
| 650 | 0 |
_aAkâid ve Kelâm. _947487 |
|
| 830 | 1 |
_aMevlana Araştırma ve Uygulama Merkezi Yayınları Yayın No ; _v4. _947488 |
|
| 830 | 1 |
_aKaynak Eserler Seri No 3. _947489 |
|
| 907 | _aFelsefe | ||
| 942 |
_2lcc _cBK |
||
| 999 |
_c22745 _d22745 |
||